000 00721nam a2200205 i 4500
001 9944
003 ES-MaACL
005 20250811070527.0
007 t|
008 930909s1993 sp ||||1| spa d
020 _a84-7474-730-9
080 _a338.45(46)
245 0 0 _aInforme sobre la industria española, 1992 /
_cMinisterio de Industria y Energía, Secretaría General Técnica, Subdirección General de Estudios.
260 _aMadrid :
_bMinisterio de Industria y Energía,
_cD.L. 1993.
300 _aIX, 565 p. ;
_c28 cm.
650 1 4 _aIndustria-
_zEspaña.
_913715
710 1 _aEspaña.
_bMinisterio de Industria y Energía
_93884
852 _aES-MaACL
_jL-17471
_bR.122430
999 _c9944
_d9944